Signification des noms de dinosaures - Clic Quiz - Statistiques

Statistiques générales
  • Ce quiz a été pris 38 fois
  • Le résultat moyen est 11 sur 15
Statistiques - réponses
Hint Réponse % Correct
Dents d'iguane Iguanodon
90%
Face à trois cornes Tricératops
87%
Lézard tyran Tyrannosaure
84%
Taureau carnivore Carnotaure
77%
Qui imite la poule Gallimimus
77%
Aile antique Archéoptéryx
74%
Voleur rapide Vélociraptor
74%
Lézard à bras Brachiosaure
71%
Grand lézard Mégalosaure
71%
Double faisceau Diplodocus
65%
Lézard au crâne épais pachycéphalosaure
65%
Lézard différent Allosaure
61%
Lézard rigide Ankylosaure
61%
Lézard à toit Stégosaure
61%
Aile sans dents Ptéranodon
58%
Aucun quiz correspondant
Distribution des résultats
% des personnes avec chaque résultat
Percentile par nombre de réponses
Votre historique - résultats
Vous n’avez pas pris ce quiz